000 00671nam a2200241Ia 4500
003 OSt
005 20220918210821.0
006 a|||||r|||| 00| 0
007 ta
008 220917b |||||||| |||| 00| 0 eng d
024 _a122,169
037 _cTextual
040 _aARTS
_cARTS
_beng
041 _2eng
_aeng
082 _aV8:2:N64<-M90g, K8
100 _aHughes Colin A
_9119307
245 0 _aHandbook of Australian government and politics 1890-1964
260 _aNA
_bNA
_c1968
650 _aHISTORY
700 _a Graham B D
_9101425
942 _hV8:2:N64<-M90g, K8
_cTEXL
_2CC
999 _c245361
_d245361